[Event "Synthesia Rapid Open"]
[Site "Pardubice CZE"]
[Date "2007.07.18"]
[Round "3"]
[White "Jedynak,R"]
[Black "Mamedyarov,S"]
[Result "0-1"]
[WhiteElo "2540"]
[BlackElo "2757"]

1.d4 g6 2.c4 Bg7 3.Nf3 d6 4.e4 Bg4 5.Be2 Nc6 6.Be3 e5 7.d5 Bxf3 8.Bxf3 Nd4
9.O-O c5 10.dxc6 bxc6 11.Bxd4 exd4 12.c5 dxc5 13.Nd2 d3 14.Nc4 Ne7 15.e5 O-O
16.Be4 Qd4 17.Qxd3 Bxe5 18.Rad1 Bg7 19.Qe2 Qf6 20.Rd6 Qg5 21.f4 Qh6 22.Kh1 Rae8
23.Qf3 Bd4 24.b3 Qh4 25.Rd7 f5 26.Bd3 Nd5 27.g3 Qh3 28.Rxa7 Re6 29.Qg2 Qh5
30.Qf3 Qh3 31.Qg2 Qh6 32.a4 Rfe8 33.a5 Nb4 34.Ne5 Nxd3 35.Nxd3 Re2 36.Nf2 Bxf2
37.Rxf2 Re1+ 38.Rf1 R8e2 39.Ra8+ Kg7 40.Ra7+ Kf8 41.Ra8+ Ke7 42.Re8+ Kxe8
43.Qxc6+ Kf7 44.Qd5+ Kg7  0-1

[Event "Synthesia Rapid Open"]
[Site "Pardubice CZE"]
[Date "2007.07.18"]
[Round "4"]
[White "Mamedyarov,S"]
[Black "Stocek,J"]
[Result "1-0"]
[WhiteElo "2757"]
[BlackElo "2572"]

1.d4 Nf6 2.c4 e6 3.Nf3 Bb4+ 4.Nbd2 O-O 5.a3 Be7 6.e4 d5 7.Qc2 c5 8.dxc5 a5
9.Bd3 h6 10.O-O Nbd7 11.cxd5 exd5 12.c6 bxc6 13.Qxc6 Bb7 14.Qc2 Rc8 15.Qb1 Nc5
16.e5 Nfe4 17.Nd4 Qb6 18.Bxe4 dxe4 19.Nc4 Qg6 20.Be3 Ba6 21.Nxa5 Bxf1 22.Qxf1 Nd3
23.b4 Nxe5 24.b5 Bd6 25.Nac6 Ng4 26.h3 Nxe3 27.fxe3 f5 28.Ne2 Qe6 29.a4 Qb3
30.Qc1 Kh8 31.Kh1 f4 32.exf4 e3 33.Qd1 Qe6 34.Qd4 Rc7 35.Rd1 Be7 36.Rd3 Bf6
37.Rxe3 Qa2 38.Qb4 Rcf7 39.Kh2 Qa1 40.b6 Qf1 41.b7  1-0

[Event "Synthesia Rapid Open"]
[Site "Pardubice CZE"]
[Date "2007.07.19"]
[Round "7"]
[White "Babula,V"]
[Black "Mamedyarov,S"]
[Result "0-1"]
[WhiteElo "2577"]
[BlackElo "2757"]

1.d4 g6 2.c4 Bg7 3.e4 d6 4.Nc3 Nc6 5.Be3 e5 6.d5 Nce7 7.Qd2 f5 8.f3 Nf6 9.Bd3 O-O
10.Nge2 c5 11.dxc6 bxc6 12.O-O Be6 13.Rfd1 Qd7 14.Rac1 Rad8 15.b4 f4 16.Bf2 g5
17.b5 g4 18.Kh1 c5 19.Nd5 Kh8 20.Nec3 Nh5 21.Bh4 Ng6 22.Bxd8 Qxd8 23.fxg4 Ng3+
24.Kg1 Bxg4 25.Re1 h5 26.Qf2 h4 27.Nb1 Qg5 28.Nd2 f3 29.gxf3 Nf4 30.Nxf4 exf4
31.e5 Bh3 32.hxg3 hxg3 33.Qe2 Bxe5 34.Nb3 Qh4 35.Rc2 Rf6 36.Qe4 Rh6 37.Qa8+ Kg7
38.Qb7+ Kf8 39.Qb8+ Kf7 40.Qc7+ Kg8 41.Qb8+ Kf7 42.Qc7+ Ke8 43.Nxc5 Be6 44.Bg6+ Rxg6
45.Nxe6 Rxe6 46.Qb8+ Kf7 47.Qxa7+ Kg6 48.Rce2 Re7 49.Qb6 Rh7 50.Kf1 Qh1+
51.Qg1 Qxf3+ 52.Rf2  0-1

[Event "Tal Mem"]
[Site "Moscow RUS"]
[Date "2007.11.10"]
[Round "1"]
[White "Jakovenko,D"]
[Black "Mamedyarov,S"]
[Result "1/2-1/2"]
[WhiteElo "2710"]
[BlackElo "2752"]

1.e4 e5 2.Nf3 Nc6 3.Bb5 a6 4.Ba4 d6 5.O-O Bd7 6.c3 g6 7.d4 Bg7 8.Re1 b5 9.Bc2 exd4
10.cxd4 Bg4 11.d5 Ne5 12.Nbd2 Bh6 13.h3 Bxd2 14.Bxd2 Bxf3 15.gxf3 g5 16.f4 gxf4
17.Bxf4 Qf6 18.Bxe5 Qxe5 19.Qd2 Nf6 20.Qc3 Rg8+ 21.Kf1 Nh5 22.Qxe5+ dxe5
23.Bd1 Nf4 24.Bg4 h5 25.Bf5 Rg2 26.Rac1 Rh2 27.Kg1 Rg2+ 28.Kf1 Rh2 29.Kg1 Rg2+  1/2-1/2

[Event "Tal Mem"]
[Site "Moscow RUS"]
[Date "2007.11.13"]
[Round "4"]
[White "Carlsen,M"]
[Black "Mamedyarov,S"]
[Result "1/2-1/2"]
[WhiteElo "2714"]
[BlackElo "2752"]

1.e4 d6 2.d4 Nf6 3.Nc3 g6 4.f4 Bg7 5.Nf3 c5 6.Bb5+ Bd7 7.Bxd7+ Nbxd7 8.e5 Nh5
9.exd6 O-O 10.O-O exd6 11.Be3 Re8 12.Qd2 Nhf6 13.Kh1 Nb6 14.b3 Nbd5 15.Nxd5 Nxd5
16.Bg1 Nf6 17.Rae1 Qd7 18.dxc5 dxc5 19.Qxd7 Nxd7 20.Rxe8+ Rxe8 21.Rd1 Re7
22.Bf2 b6  1/2-1/2

[Event "World Blitz"]
[Site "Moscow RUS"]
[Date "2007.11.21"]
[Round "1"]
[White "Kramnik,V"]
[Black "Mamedyarov,S"]
[Result "0-1"]
[WhiteElo "2785"]
[BlackElo "2752"]

1.d4 g6 2.c4 Bg7 3.e4 d6 4.Nc3 e5 5.Nge2 exd4 6.Nxd4 Nc6 7.Be3 Nge7 8.Qd2 f5
9.exf5 Nxf5 10.Nxf5 Bxf5 11.Be2 O-O 12.O-O Qh4 13.Nd5 Rf7 14.g3 Qd8 15.Rad1 Qf8
16.f4 Re8 17.Bf3 Be4 18.Bxe4 Rxe4 19.b3 Qe8 20.Rfe1 g5 21.Bf2 gxf4 22.Nxc7 Qe5
23.Rxe4 Qxe4 24.Re1 Qf5 25.Re8+ Bf8 26.Ne6 Ne5 27.Nd4 Qb1+ 28.Qe1 Qg6 29.Rxe5 dxe5
30.Qxe5 fxg3 31.hxg3 h5 32.Kg2 Bg7 33.Qd5 Kh7 34.Nf3 Rf5 35.Qe4 Qg4 36.Qd3 Qg6
37.Kg1 Ra5 38.Qe2 Qg4 39.a4 Rf5 40.Kg2 h4 41.Be1 h3+ 42.Kf2 h2 43.Kg2 Qxf3+
44.Qxf3 Rxf3  0-1

[Event "World Blitz"]
[Site "Moscow RUS"]
[Date "2007.11.21"]
[Round "3"]
[White "Bacrot,E"]
[Black "Mamedyarov,S"]
[Result "0-1"]
[WhiteElo "2695"]
[BlackElo "2752"]

1.Nf3 Nf6 2.g3 g6 3.b4 Bg7 4.Bb2 d6 5.Bg2 c5 6.bxc5 dxc5 7.c4 O-O 8.O-O Nc6
9.d3 Bg4 10.Ne5 Nxe5 11.Bxe5 b6 12.Nc3 Qd7 13.Bxa8 Rxa8 14.d4 Rd8 15.dxc5 Qc8
16.Qa4 Qxc5 17.Bxf6 exf6 18.Rfd1 Rc8 19.Qxa7 f5 20.Rac1 Bd4 21.Rf1 Qxc4 22.Nb5 Bxf2+
23.Kxf2 Qxe2+ 24.Kg1 Qe3+ 25.Kg2 Rxc1 26.Rxc1 Qd2+  0-1

[Event "World Blitz"]
[Site "Moscow RUS"]
[Date "2007.11.21"]
[Round "4"]
[White "Mamedyarov,S"]
[Black "Ponomariov,R"]
[Result "1/2-1/2"]
[WhiteElo "2752"]
[BlackElo "2705"]

1.d4 d5 2.c4 e6 3.Nc3 Be7 4.Nf3 Nf6 5.Bg5 h6 6.Bxf6 Bxf6 7.e3 O-O 8.Qb3 c6
9.Rd1 Nd7 10.Bd3 Nb6 11.c5 Nd7 12.e4 e5 13.dxe5 Nxe5 14.Nxe5 Bxe5 15.exd5 Bg4
16.O-O Bxd1 17.Rxd1 Bxc3 18.dxc6 bxc6 19.Bh7+ Kxh7 20.Rxd8 Rfxd8 21.bxc3 Rab8
22.Qc2+ Kg8 23.h3 Rb5 24.Qe4 Rxc5 25.Qe7 Rdd5 26.Qe8+ Kh7 27.Qxf7 Rxc3 28.Qxa7 c5
29.Qf7 Re5 30.Qf4 Re8 31.a4 Kh8 32.a5 Ra3 33.Qc7 Ra8 34.Qxc5 R3xa5 35.Qc3 R5a6
36.Kh2 Rf6 37.f3 Re8 38.Qc4 Rd8 39.h4 Rfd6 40.Qg4 Rd4 41.f4 Rf8 42.g3 Ra8
43.Qf5 Rdd8 44.h5 Rf8 45.Qg6 Rf6 46.Qe4 Rd8 47.Qe5 Rdf8 48.Kh3 R6f7 49.Kg4 Rf6  1/2-1/2

[Event "World Blitz"]
[Site "Moscow RUS"]
[Date "2007.11.21"]
[Round "10"]
[White "Carlsen,M"]
[Black "Mamedyarov,S"]
[Result "1/2-1/2"]
[WhiteElo "2714"]
[BlackElo "2752"]

1.e4 d6 2.d4 Nf6 3.Nc3 g6 4.Nf3 Bg7 5.Be2 O-O 6.O-O c6 7.h3 Nbd7 8.e5 dxe5
9.dxe5 Nd5 10.Nxd5 cxd5 11.Bf4 Qc7 12.c3 Nxe5 13.Qxd5 Nxf3+ 14.Qxf3 e5 15.Bh2 Be6
16.Qe3 a6 17.f4 exf4 18.Bxf4 Qc6 19.Bf3 Qb5 20.Qf2 Rad8 21.a4 Qb3 22.Ra3 Qc4
23.Bxb7 Bd5 24.Bxd5 Rxd5 25.Raa1 Re8 26.Rae1 Rxe1 27.Rxe1 Qxa4 28.Qe3 Bf8
29.Qe4 Qd7 30.Be5 Bc5+ 31.Kh1 Bf2 32.Rf1 Qe6 33.Rxf2 Rxe5 34.Qf4 h5 35.Qf6 Qd5
36.Kh2 Re1 37.Qf4 a5 38.Rd2 Qc5 39.Rd8+ Kg7 40.Qd4+ Qxd4 41.Rxd4 Re2  1/2-1/2

[Event "World Blitz"]
[Site "Moscow RUS"]
[Date "2007.11.21"]
[Round "15"]
[White "Mamedyarov,S"]
[Black "Grischuk,A"]
[Result "1/2-1/2"]
[WhiteElo "2752"]
[BlackElo "2715"]

1.d4 Nf6 2.c4 e6 3.Nf3 b6 4.g3 Ba6 5.b3 Bb7 6.Bg2 Bb4+ 7.Bd2 c5 8.Bxb4 cxb4
9.Qd3 Be4 10.Qe3 Nc6 11.Nbd2 d5 12.O-O O-O 13.Rac1 Rc8 14.Rfd1 h6 15.h3 Re8
16.Ne5 Bxg2 17.Kxg2 Qd6 18.Qf4 Qe7 19.Ndf3 Red8 20.Rc2 Qb7 21.Rdc1 dxc4 22.Rxc4 Ne7
23.Rxc8 Rxc8 24.Rxc8+ Qxc8 25.Nc4 b5 26.Nd6 Qc6 27.Qe5 Nd7 28.Qf4 Nf6 29.Qe5 Nd7
30.Qf4 Nf6 31.Qe5 Nd7  1/2-1/2

[Event "World Blitz"]
[Site "Moscow RUS"]
[Date "2007.11.21"]
[Round "17"]
[White "Mamedyarov,S"]
[Black "Kasimdzhanov,R"]
[Result "0-1"]
[WhiteElo "2752"]
[BlackElo "2690"]

1.d4 Nf6 2.c4 g6 3.Nf3 Bg7 4.g3 O-O 5.Bg2 d6 6.O-O Nc6 7.Nc3 a6 8.e4 Bg4
9.Be3 Nd7 10.Qd2 Bxf3 11.Bxf3 e5 12.d5 Nd4 13.Bg2 c5 14.dxc6 bxc6 15.f4 Rb8
16.Rf2 Nc5 17.Raf1 f5 18.exf5 gxf5 19.fxe5 dxe5 20.Bxc6 f4 21.Bd5+ Kh8 22.gxf4 Qh4
23.fxe5 Qg4+ 24.Kh1 Rxf2 25.Rxf2 Nce6 26.Bxd4 Nxd4 27.Qe3 Nf5 28.Qe4 Ng3+
29.hxg3 Qh3+ 30.Kg1 Qxg3+ 31.Rg2 Qh3 32.Qf3 Qh6 33.Qe2 Qc1+ 34.Qf1 Qe3+ 35.Qf2 Qc1+
36.Qf1 Qe3+ 37.Rf2 Bxe5 38.Ne4  0-1

[Event "World Blitz"]
[Site "Moscow RUS"]
[Date "2007.11.21"]
[Round "18"]
[White "Savchenko,B"]
[Black "Mamedyarov,S"]
[Result "1-0"]
[WhiteElo "2583"]
[BlackElo "2752"]

1.e4 e5 2.Nf3 Nc6 3.d4 exd4 4.Nxd4 Bc5 5.Nxc6 Qf6 6.Qf3 dxc6 7.Nc3 Be6 8.Be3 Qe7
9.Bxc5 Qxc5 10.O-O-O Nf6 11.h3 O-O 12.Kb1 b5 13.Bd3 Nd7 14.Qg3 Nb6 15.f4 b4
16.Ne2 Bc4 17.Nc1 a5 18.e5 a4 19.f5 a3 20.f6 g6 21.Qf4 Kh8 22.Bxc4 axb2 23.Qh6 bxc1=Q+
24.Kxc1 Rg8 25.Bxf7 b3 26.Bxb3 Qxe5 27.f7 Rgf8 28.Rhe1 Qa1+ 29.Kd2 Qf6 30.Rf1 Qd4+
31.Ke2 Qe5+ 32.Qe3 Qb5+ 33.Kf2 Qb4 34.Qe5+  1-0

[Event "World Blitz"]
[Site "Moscow RUS"]
[Date "2007.11.22"]
[Round "22"]
[White "Mamedyarov,S"]
[Black "Bacrot,E"]
[Result "0-1"]
[WhiteElo "2752"]
[BlackElo "2695"]

1.b3 d5 2.Bb2 c5 3.e3 Nc6 4.Bb5 a6 5.Bxc6+ bxc6 6.f4 Nf6 7.Nf3 a5 8.a4 g6
9.O-O Bg7 10.d3 O-O 11.Qe1 c4 12.Ne5 cxb3 13.cxb3 Qb6 14.Nd2 Ng4 15.d4 c5
16.Rc1 c4 17.Ba3 cxb3 18.Rb1 Nxe5 19.fxe5 Qe6 20.Nxb3 f6 21.Nc5 Qc6 22.Qh4 Ra7
23.exf6 Bxf6 24.Qg3 Ba6 25.Rf4 Bc4 26.h4 Raa8 27.h5 g5 28.h6 Qd6 29.Qg4 Be2
30.Qxe2 gxf4 31.Rf1 Kh8 32.Rxf4 Bg5 33.Ne4 Qxh6 34.Nxg5 Qxg5 35.Rg4 Qf6 36.Rf4 Qg7
37.Rg4 Qf6 38.Rf4 Qe6 39.Rh4 Rg8 40.Rh5 Rg6 41.Re5 Qc6 42.Rf5 Rag8 43.Rf2 Qe6
44.Qf3 Rf6 45.Qe2 Qe4  0-1

[Event "World Blitz"]
[Site "Moscow RUS"]
[Date "2007.11.22"]
[Round "26"]
[White "Gelfand,B"]
[Black "Mamedyarov,S"]
[Result "0-1"]
[WhiteElo "2736"]
[BlackElo "2752"]

1.d4 Nf6 2.c4 g6 3.Nf3 Bg7 4.g3 O-O 5.Bg2 d5 6.O-O c6 7.b3 dxc4 8.bxc4 c5
9.Bb2 Qb6 10.Qb3 Nfd7 11.Rd1 Nc6 12.e3 cxd4 13.Nxd4 Nc5 14.Qxb6 axb6 15.Nc3 Bg4
16.f3 Be6 17.Nxe6 Nxe6 18.Rab1 Nc5 19.f4 e6 20.Rd2 Rfc8 21.Rbd1 Na5 22.Bf1 Bxc3
23.Bxc3 Ne4 24.Bxa5 Rxa5 25.Rb2 Rc7 26.Rd4 Nc3 27.Rdd2 Ne4 28.Rdc2 Ra3 29.Rb3 Ra6
30.c5 Ra7 31.Rxb6 Rxc5 32.Rcb2 Rc7 33.Be2 Nc3 34.R6b3 Nxa2 35.Bf3 Nc1 36.Rxb7 Raxb7
37.Rxb7 Rc3 38.Kf2 Nd3+ 39.Ke2 Nc5 40.Rb2 Nb3 41.Be4 Nc5 42.Bc2 h5 43.Kd2 Ra3
44.h3 Kg7 45.g4 h4 46.Rb5 Nd7 47.g5 Ra2 48.Kc3 Ra3+ 49.Kd2 Ra1 50.Rb1 Ra2
51.Kc3 Ra3+ 52.Kd2 Nc5 53.Rb5 Na6 54.Bd3 Nc7 55.Rb2 Nd5 56.Ke2 Ra1 57.Be4 Nc3+
58.Kd3 Na4 59.Rc2 Ra3+ 60.Kd4 Nb6 61.Bc6 Nc8 62.Be4 Nd6 63.Bd3 Ra1 64.Rc6 Ne8
65.Be4 Rd1+ 66.Kc3 Nd6 67.Bc2 Rd5  0-1

[Event "World Blitz"]
[Site "Moscow RUS"]
[Date "2007.11.22"]
[Round "28"]
[White "Ivanchuk,V"]
[Black "Mamedyarov,S"]
[Result "1-0"]
[WhiteElo "2787"]
[BlackElo "2752"]

1.e4 e5 2.Nf3 Nc6 3.Bb5 a6 4.Ba4 d6 5.c3 Bd7 6.d4 g6 7.Bg5 f6 8.Be3 Nh6 9.h3 Nf7
10.Nbd2 Bg7 11.O-O O-O 12.Re1 h5 13.Nf1 Kh7 14.Bc2 Ne7 15.Qd2 Bh6 16.Rad1 Be6
17.Bb3 Bxb3 18.axb3 Qe8 19.c4 Rd8 20.Qc3 g5 21.Ng3 g4 22.Nxh5 Ng5 23.Nxg5+ Bxg5
24.hxg4 Ng6 25.f3 Qe6 26.Kf2 Kg8 27.Rh1 Kf7 28.Bxg5 fxg5 29.Qd2 Qe7 30.Ng3 Rh8
31.Nf5 Qf6 32.Qa5 b6 33.Qd5+ Qe6 34.Qb7 Qd7 35.Rh5 Nf4 36.Rxg5 Kf6 37.Rg7 Rh2
38.g5+ Ke6 39.d5+  1-0

[Event "World Blitz"]
[Site "Moscow RUS"]
[Date "2007.11.22"]
[Round "31"]
[White "Mamedyarov,S"]
[Black "Shirov,A"]
[Result "0-1"]
[WhiteElo "2752"]
[BlackElo "2739"]

1.d4 Nf6 2.c4 g6 3.Nf3 Bg7 4.g3 c6 5.Bg2 d5 6.cxd5 cxd5 7.Ne5 O-O 8.Nc3 e6
9.O-O Nfd7 10.f4 Nc6 11.Be3 Nb6 12.b3 Bd7 13.Qd2 Qe7 14.h4 Rfc8 15.Rac1 a5
16.h5 a4 17.Nxa4 Nxa4 18.bxa4 Rxa4 19.g4 Rca8 20.Rc2 Be8 21.Bf3 Na5 22.f5 Bxe5
23.dxe5 Nc4 24.Rxc4 Rxc4 25.Bh6 Qh4 26.fxe6 Rxg4+ 27.Bxg4 Qxg4+ 28.Kh2 Qxh5+
29.Kg3 Ra3+ 30.Rf3 Qxe5+ 31.Kg2 Rxf3 32.exf3 fxe6 33.Qb4 Qf6 34.Qxb7 g5 35.Qc8 Kf7
36.a4 Qxh6 37.a5 g4 38.a6 Qh3+ 39.Kg1 Qg3+ 40.Kf1 Qxf3+ 41.Ke1 Qe3+ 42.Kf1 Qd3+
43.Kg1 Qd4+ 44.Kg2 h5 45.Qb7+ Kf6 46.a7 Qd2+ 47.Kg1 Qe1+ 48.Kg2 Bg6 49.Qb2+ Kg5
50.a8=Q Be4+ 51.Kh2  0-1

[Event "World Blitz"]
[Site "Moscow RUS"]
[Date "2007.11.22"]
[Round "34"]
[White "Grischuk,A"]
[Black "Mamedyarov,S"]
[Result "1/2-1/2"]
[WhiteElo "2715"]
[BlackElo "2752"]

1.e4 e5 2.Nf3 Nc6 3.Bb5 a6 4.Ba4 d6 5.O-O Bd7 6.c4 g6 7.d4 exd4 8.Nxd4 Bg7
9.Nxc6 Bxc6 10.Nc3 Nf6 11.Be3 O-O 12.Bxc6 bxc6 13.c5 Re8 14.cxd6 cxd6 15.Qc2 Qe7
16.Bd4 Nxe4 17.Bxg7 Kxg7 18.Rfe1 d5 19.Nxe4 dxe4 20.Qxc6 Qe5 21.b3 a5 22.Rac1 Rad8
23.Qc2 Rd4 24.h3 Red8 25.Qc3 R8d5 26.Rc2 h5 27.a3 Rd3 28.Qxe5+ Rxe5 29.Re3 Rd1+
30.Kh2 f5 31.b4 axb4 32.axb4 Rb1 33.Rc4 h4 34.Rec3 Rb5 35.f3 exf3 36.Rxf3 R1xb4
37.Rff4 Rxc4 38.Rxc4 g5 39.Rc6 Rb1 40.Ra6 Re1 41.Rb6 Kf7 42.Rc6 Re6 43.Rc8 Kf6
44.Rg8 Re1 45.Rh8 Ra1 46.Rg8 Rb1 47.Re8 g4 48.hxg4 fxg4 49.Rh8 Kg5 50.Rg8+ Kf5
51.Rf8+ Kg6 52.Rg8+ Kf5 53.Rf8+ Ke5 54.Re8+ Kf6 55.Rh8 h3 56.gxh3 gxh3  1/2-1/2

[Event "World Blitz"]
[Site "Moscow RUS"]
[Date "2007.11.22"]
[Round "36"]
[White "Kasimdzhanov,R"]
[Black "Mamedyarov,S"]
[Result "0-1"]
[WhiteElo "2690"]
[BlackElo "2752"]

1.d4 g6 2.Nf3 Bg7 3.g3 d6 4.Bg2 Nf6 5.b3 O-O 6.Bb2 c5 7.c4 Ne4 8.O-O Nc6
9.Nbd2 Bf5 10.Nh4 Nxd2 11.Qxd2 Nxd4 12.Nxf5 Nxf5 13.Bxg7 Nxg7 14.Bxb7 Rb8
15.Bf3 a5 16.Qc3 Qc7 17.h4 h5 18.e3 a4 19.Rfb1 Qa7 20.Bc6 a3 21.Rd1 Qb6 22.Bf3 Ne8
23.Rd2 Nf6 24.Rad1 Qb4 25.Qa1 Rfd8 26.Kg2 Kg7 27.e4 Qa5 28.Rd3 Qc7 29.Qc1 Qa5
30.e5 dxe5 31.Qe3 Rxd3 32.Rxd3 Qc7 33.Rd1 Rb6 34.Qc3 Re6 35.Bd5 Ra6 36.Bf3 Nd7
37.Qc1 Qa7 38.Bxh5 gxh5 39.Qg5+ Kf8 40.Qxh5 Ke8 41.Qh8+ Nf8 42.Qxe5 Re6 43.Qf5 Qc7
44.Rd5 Qc6 45.Kh2 Rf6 46.Qc2 Ne6 47.f4 Nc7 48.Re5 Rd6 49.Qe2 Ne6 50.Qe3 Rd1
51.Re4 f5  0-1

[Event "World Blitz"]
[Site "Moscow RUS"]
[Date "2007.11.22"]
[Round "37"]
[White "Mamedyarov,S"]
[Black "Savchenko,B"]
[Result "1-0"]
[WhiteElo "2752"]
[BlackElo "2583"]

1.d4 Nf6 2.c4 g6 3.Nf3 Bg7 4.g3 c5 5.d5 d6 6.Nc3 O-O 7.Bg2 e6 8.O-O exd5
9.cxd5 a6 10.a4 Bg4 11.Nd2 h5 12.h3 Bc8 13.Nc4 Ne8 14.Bf4 g5 15.Bd2 Nd7 16.e4 h4
17.gxh4 gxh4 18.Qh5 Ne5 19.Nxe5 Bxe5 20.Bg5 Bf6 21.f4 c4 22.e5 Bxg5 23.fxg5 Qb6+
24.Kh1 Qe3 25.Rae1 Qg3 26.e6 f5 27.Ne4 Qe5 28.Nf6+ Nxf6 29.Qg6+  1-0

[Event "Corus A"]
[Site "Wijk aan Zee NED"]
[Date "2008.01.17"]
[Round "5"]
[White "Mamedyarov,S"]
[Black "Van Wely,L"]
[Result "1-0"]
[WhiteElo "2760"]
[BlackElo "2681"]

1.e4 c5 2.b3 d6 3.Bb2 Nf6 4.Bb5+ Bd7 5.Bxd7+ Qxd7 6.d3 Nc6 7.f4 d5 8.Nd2 O-O-O
9.Qe2 dxe4 10.dxe4 Nd4 11.Bxd4 Qxd4 12.Rd1 Qc3 13.Nf3 Qxc2 14.Ng5 Rd4 15.O-O e6
16.Nxf7 Rg8 17.Ng5 Be7 18.Nxe6 Rxe4 19.Qf3 Rxe6 20.Qh3 Ng4 21.Qxg4 Qg6 22.Qh3 Qh6
23.Qf3 Bf6 24.Kh1 Bd4 25.b4 cxb4 26.Ne4 Bb6 27.f5 Bc7 28.h3 Rc6 29.Qg4 Kb8
30.f6 a5 31.f7 Rf8 32.Qf5 Qh4 33.Rd7 g6 34.Qd5 a4 35.Qd4 b3 36.axb3 axb3
37.Qg7 Rxf7 38.Qg8+ Ka7 39.Qxf7 Qxe4 40.Rxc7 b2 41.Rxb7+  1-0

[Event "FIDE GP"]
[Site "Baku AZE"]
[Date "2008.05.05"]
[Round "13"]
[White "Wang Yue"]
[Black "Mamedyarov,S"]
[Result "1/2-1/2"]
[WhiteElo "2689"]
[BlackElo "2752"]

1.d4 Nf6 2.c4 e6 3.Nc3 Bb4 4.Qc2 O-O 5.a3 Bxc3+ 6.Qxc3 b5 7.cxb5 c6 8.Bg5 cxb5
9.e3 a6 10.Nf3 Bb7 11.Bd3 h6 12.Bh4 d6 13.O-O Nbd7 14.Rfc1 Qb6 15.Bg3 Nh5
16.Qc7 Nxg3 17.Qxd7 Nh5 18.Qc7 Qxc7 19.Rxc7 Rab8 20.Rac1 Nf6 21.Nd2 Rfc8
22.Nb3 Kf8 23.Na5 Ne8 24.R7c3 Ke7 25.f3 Kd7 26.Kf2 Rc7 27.e4 Ba8 28.Ke3 Rbc8
29.Rxc7+ Nxc7 30.Rg1 h5 31.h4 Rg8 32.g3 Rc8 33.Ra1 Rg8 34.b3 Rc8 35.Rb1 Rb8
36.Rc1 Rg8 37.Rc2 Rb8 38.Rh2 Rh8 39.Rh1 Ke7 40.a4 Rb8 41.axb5 Nxb5 42.Ra1 Nc7
43.Ra2 Kd7 44.g4 Rh8 45.g5 g6 46.f4 Rb8 47.Rc2 d5  1/2-1/2

[Event "19th Czech Open Synthesia Rapid"]
[Site "Pardubice CZE"]
[Date "2008.07.17"]
[Round "5"]
[White "Gutman,G"]
[Black "Mamedyarov,S"]
[Result "0-1"]
[WhiteElo "2497"]
[BlackElo "2742"]

1.d4 Nf6 2.Nf3 d5 3.c4 e6 4.Nc3 Bb4 5.cxd5 exd5 6.Bg5 Nbd7 7.e3 c5 8.Qc2 Qa5
9.Bd3 c4 10.Bf5 O-O 11.O-O Re8 12.Nd2 g6 13.Bh3 Kg7 14.Rae1 Nb6 15.Bxc8 Raxc8
16.f3 Nfd7 17.Bf4 Bxc3 18.bxc3 Na4 19.Nb1 Re6 20.e4 Rce8 21.e5 f6 22.exf6+ Kxf6
23.Qf2 Qb6 24.Re3 Rxe3 25.Bxe3 Nb2 26.f4 Nd3 27.Qg3 Qe6 28.Rf3 Qf5 29.Qh4+ Kg7
30.g4 Qe4 31.Nd2 Qe7 32.Qg3 Nf6 33.f5 gxf5 34.g5 Ne4 35.Qh4 Kg8 36.Rxf5 Nxc3
37.Nf1 Qe4 38.Qxe4 Rxe4 39.Kg2 b5 40.Bd2 b4 41.Ne3 Rxe3 42.Bxe3 b3 43.axb3 cxb3  0-1

[Event "19th Czech Open Synthesia Rapid"]
[Site "Pardubice CZE"]
[Date "2008.07.17"]
[Round "6"]
[White "Mamedyarov,S"]
[Black "Buhmann,R"]
[Result "0-1"]
[WhiteElo "2742"]
[BlackElo "2561"]

1.d4 d5 2.c4 c6 3.Nc3 Nf6 4.Nf3 a6 5.c5 Bf5 6.Bf4 Nbd7 7.e3 e6 8.Be2 Be7
9.Nd2 Bg6 10.O-O O-O 11.b4 Qc8 12.a4 b6 13.a5 b5 14.g4 h6 15.Bg3 Ne4 16.Ndxe4 dxe4
17.f3 exf3 18.Bxf3 Nf6 19.e4 Rd8 20.Qd2 Ra7 21.Rad1 Rad7 22.Qe3 h5 23.h3 hxg4
24.hxg4 Nh7 25.Bf4 Re8 26.Kg2 Qd8 27.e5 Rd5 28.Rh1 Bg5 29.Ne4 Bxf4 30.Qxf4 Bxe4
31.Bxe4 Ng5 32.Bc2 g6 33.Qh2 f5 34.gxf5 exf5 35.Bb3 Kf7 36.Qg3 Rg8 37.e6+ Kf6
38.Rde1 Re8 39.Rh6 Kg7 40.Qh2 Rxd4 41.Qe5+ Qf6 42.Qxf6+ Kxf6 43.e7 Rxb4 44.Bd1 Re4
45.Rxe4 Nxe4 46.Bh5 Kxe7 47.Rxg6 Rc8 48.Rg7+ Kf6 49.Rf7+ Ke5 50.Re7+ Kd4
51.Bg6 Rg8 52.Re6 Kd5 53.Rf6 Nxf6  0-1

[Event "XXIII Rapid Open"]
[Site "Villarrobledo ESP"]
[Date "2008.08.02"]
[Round "1"]
[White "Alonso Abad,E"]
[Black "Mamedyarov,S"]
[Result "0-1"]
[WhiteElo "2074"]
[BlackElo "2742"]

1.Nf3 Nf6 2.g3 g6 3.Bg2 Bg7 4.O-O O-O 5.c4 d5 6.cxd5 Nxd5 7.Nc3 Nb6 8.d4 Nc6
9.e3 Re8 10.Qe2 e5 11.d5 Nxd5 12.Nxd5 Qxd5 13.Rd1 Qe6 14.h3 e4 15.Ng5 Qf5
16.h4 h6 17.Nh3 Ne5 18.Nf4 Nf3+ 19.Kh1 g5 20.Rd5 Be5 21.Bh3 Qf6 22.hxg5 hxg5
23.Nh5 Qh6 24.g4 c6 25.Rd1 f5 26.Qc4+ Be6 27.Qf1 fxg4 28.Ng3 Bxg3 29.fxg3 Rad8  0-1

[Event "XXIII Rapid Open"]
[Site "Villarrobledo ESP"]
[Date "2008.08.02"]
[Round "2"]
[White "Mamedyarov,S"]
[Black "Ibanez Aullana,J"]
[Result "1-0"]
[WhiteElo "2742"]
[BlackElo "2301"]

1.d4 Nf6 2.c4 e6 3.Nf3 b6 4.g3 Ba6 5.Qa4 Be7 6.Bg2 O-O 7.O-O c6 8.Nc3 d5
9.Ne5 Qe8 10.Qb3 Nfd7 11.cxd5 Nxe5 12.dxe5 cxd5 13.Rd1 Nd7 14.e4 dxe4 15.Nxe4 Nxe5
16.Bf4 Nc4 17.Nd6 Nxd6 18.Bxa8 Nb7 19.Bxb7 Bxb7 20.Rac1 Qa8 21.Rd7 Bf6 22.Qd3 Bh1
23.Qf1 Bxb2 24.Rcc7 Bc6 25.Rxa7 Bxd7 26.Rxa8 Rxa8 27.Qb1 Bd4 28.Qe4 Ra4 29.Qb7  1-0

[Event "XXIII Rapid Open"]
[Site "Villarrobledo ESP"]
[Date "2008.08.02"]
[Round "3"]
[White "Herraiz Hidalgo,H"]
[Black "Mamedyarov,S"]
[Result "0-1"]
[WhiteElo "2507"]
[BlackElo "2742"]

1.d4 Nf6 2.c4 e5 3.dxe5 Ng4 4.e3 Nxe5 5.Nh3 d5 6.Qxd5 Qf6 7.Nf4 c6 8.Qd1 Bf5
9.Be2 Nbd7 10.Nc3 O-O-O 11.O-O Nc5 12.Qe1 h5 13.e4 Nxe4 14.Nxe4 Bxe4 15.Qa5 Qf5
16.Qxa7 Bd6 17.Rd1 Bb8 18.Qe3 Rxd1+ 19.Bxd1 Rd8 20.Qe1 Ng4 21.h3 Nxf2 22.Bxh5 Bxf4
23.Bxf4 Nxh3+ 24.gxh3 Qxf4 25.Qf2 Qg5+  0-1

[Event "XXIII Rapid Open"]
[Site "Villarrobledo ESP"]
[Date "2008.08.02"]
[Round "5"]
[White "Topalov,V"]
[Black "Mamedyarov,S"]
[Result "1/2-1/2"]
[WhiteElo "2777"]
[BlackElo "2742"]

1.d4 g6 2.Nf3 Bg7 3.e4 d6 4.Bc4 Nf6 5.Qe2 O-O 6.O-O e5 7.dxe5 dxe5 8.Rd1 Qe7
9.b3 c5 10.Nc3 Nc6 11.Bg5 Nd4 12.Qd3 Bg4 13.Nd5 Qd6 14.Nxd4 cxd4 15.Bxf6 Bxf6
16.f3 Bc8 17.c3 dxc3 18.Nxf6+ Qxf6 19.Qxc3 Be6 20.Rd6 Rfd8 21.Rad1 Rac8 22.Rxd8+ Rxd8
23.Rxd8+ Qxd8 24.Bxe6 Qb6+ 25.Kf1 Qxe6 26.a4  1/2-1/2

[Event "XXIII Rapid Open"]
[Site "Villarrobledo ESP"]
[Date "2008.08.03"]
[Round "6"]
[White "Mamedyarov,S"]
[Black "Fedorchuk,S"]
[Result "1-0"]
[WhiteElo "2742"]
[BlackElo "2624"]

1.d4 Nf6 2.c4 e6 3.Nc3 Bb4 4.f3 O-O 5.a3 Bxc3+ 6.bxc3 Nh5 7.Nh3 f5 8.Nf2 Nc6
9.e4 d6 10.Bd3 fxe4 11.Bxe4 Nf6 12.Bc2 e5 13.O-O b6 14.Bg5 h6 15.Bh4 Qe8
16.Qd3 Qf7 17.Ng4 Ne7 18.Bxf6 Bf5 19.Qd2  1-0

[Event "24th ECC"]
[Site "Kallithea GRE"]
[Date "2008.10.18"]
[Round "2"]
[White "Sodoma,J"]
[Black "Mamedyarov,S"]
[Result "0-1"]
[WhiteElo "2358"]
[BlackElo "2731"]

1.e4 d6 2.d4 Nf6 3.Nc3 g6 4.Be3 c6 5.h3 Nbd7 6.f4 b5 7.a3 Nb6 8.Nf3 Bg7 9.Bd3 a6
10.O-O Qc7 11.e5 Nfd5 12.Nxd5 Nxd5 13.Qd2 Bf5 14.Bxf5 gxf5 15.b3 e6 16.c4 bxc4
17.bxc4 Nxe3 18.Qxe3 O-O 19.Rfb1 Rfd8 20.Rb3 Rab8 21.Rab1 Rxb3 22.Rxb3 a5
23.a4 h6 24.Kh1 dxe5 25.Nxe5 Kh7 26.c5 Bxe5 27.dxe5 Qd7 28.Rb6 Qd1+ 29.Kh2 Qf1
30.Qf3 Qc1 31.Rb7 Rd1 32.Rxf7+ Kg8 33.Rf6 Rh1+ 34.Kg3 Rf1 35.Rg6+ Kf7 36.Rf6+ Kg7  0-1

[Event "24th ECC"]
[Site "Kallithea GRE"]
[Date "2008.10.19"]
[Round "3"]
[White "Mamedyarov,S"]
[Black "Gashimov,V"]
[Result "1/2-1/2"]
[WhiteElo "2731"]
[BlackElo "2703"]

1.e4 e5 2.Nf3 Nf6 3.d4 Nxe4 4.Bd3 d5 5.Nxe5 Nd7 6.Nxd7 Bxd7 7.O-O Bd6 8.Nc3 Nxc3
9.bxc3 O-O 10.Qh5 f5 11.Re1 c6 12.Bg5 Qc7 13.c4 Be8 14.Qh3 dxc4 15.Bxc4+ Bf7
16.Be6 g6 17.Re2 Rfe8 18.Rae1 Rxe6 19.Rxe6 Bxe6 20.Rxe6 Qb6 21.g4 Qxd4 22.gxf5 Bc5
23.Qf3 gxf5 24.Qxf5 Rf8 25.Bf6 Qd1+ 26.Kg2 Qd5+ 27.Qxd5  1/2-1/2

[Event "24th ECC"]
[Site "Kallithea GRE"]
[Date "2008.10.20"]
[Round "4"]
[White "Carstensen,J"]
[Black "Mamedyarov,S"]
[Result "0-1"]
[WhiteElo "2319"]
[BlackElo "2731"]

1.d4 g6 2.c4 Bg7 3.e4 d6 4.Nc3 c6 5.Be3 a6 6.Qd2 b5 7.f3 Nd7 8.Bd3 b4 9.Nd1 c5
10.Ne2 cxd4 11.Bxd4 Bxd4 12.Nxd4 Qb6 13.Bc2 Ngf6 14.Ba4 O-O 15.Nc6 e6 16.Qxd6 Bb7
17.Qxb4 Kg7 18.Qxb6 Nxb6 19.Na5 Nxa4 20.Nxb7 Rab8 21.Na5 Nxb2 22.Nxb2 Rxb2
23.O-O Rc8 24.Rfc1 Nd7 25.Nb3 Ne5 26.c5 Nd3 27.Rcb1 Rc2 28.Rd1 Nf4 29.g3 Nh3+
30.Kf1 Rxh2 31.Rac1 Rf2+ 32.Ke1 Rxf3 33.c6 Rxg3 34.Ke2 Nf4+ 35.Kf2 Rd3 36.Na5 Ra3
37.Nc4 Rxc6  0-1

[Event "24th ECC"]
[Site "Kallithea GRE"]
[Date "2008.10.21"]
[Round "5"]
[White "Gunnarsson,J"]
[Black "Mamedyarov,S"]
[Result "0-1"]
[WhiteElo "2430"]
[BlackElo "2731"]

1.e4 c5 2.Nf3 d6 3.d4 cxd4 4.Nxd4 Nf6 5.Nc3 Nc6 6.Bg5 e6 7.Qd2 Be7 8.O-O-O a6
9.f3 Nxd4 10.Qxd4 b5 11.Kb1 Bb7 12.h4 O-O 13.g4 Rc8 14.a3 Qc7 15.Bd3 Rfd8
16.h5 h6 17.Bh4 d5 18.e5 Bc5 19.Qf4 Nd7 20.Bxd8 Rxd8 21.Rhe1 Be7 22.Qg3 d4
23.Na2 b4 24.f4 bxa3 25.b3 Nb6 26.g5 hxg5 27.fxg5 Nd5 28.g6 f5 29.Bc4 Ne3
30.Bxe6+ Kh8 31.Rxe3 dxe3 32.Rxd8+ Qxd8 33.Qxe3 Qd1+ 34.Nc1 a2+ 35.Kb2 Be4
36.Qc3 a1=Q+ 37.Kxa1 Qxc1+ 38.Ka2 Qxc2+ 39.Qxc2 Bxc2 40.Kb2 Be4 41.Kc3 f4
42.Kd2 Bf3 43.Ke1 Bxh5 44.Bf7 Bg4  0-1